Not Part of the Merged Country Group - Multiple Choice Quiz - Statistics

General Stats
  • This quiz has been taken 137 times
  • The average score is 7 of 10
Answer Stats
Question Answer % Correct
Austria
82%
Cambodia
77%
El Salvador
72%
North Macedonia
72%
Uruguay
70%
Lebanon
67%
South Sudan
66%
Rwanda
63%
Tajikistan
61%
Ivory Coast
58%
No matching quizzes found
Score Distribution
Percent of People with Each Score
Percentile by Number Answered
Your Score History
You have not taken this quiz